Những cuộc chiến nổi tiếng thế giới và lịch sử các nền văn minh cổ đạ i= Well known Battles in the Worrld and the history of ancient cultures : Tuyển chọn các bài luyện dịch Việt- Anh theo chủ điểm= Selections of Vietnamese- English tránlatians in focus

Guardat en:
Dades bibliogràfiques
Autor principal: Nguyễn, Thành Tâm
Format: Llibre
Idioma:Undetermined
Publicat: Hà Nội Thống Kê 2005
Matèries:
Etiquetes: Afegir etiqueta
Sense etiquetes, Sigues el primer a etiquetar aquest registre!
Thư viện lưu trữ: Trung tâm Học liệu Trường Đại học Cần Thơ
LEADER 00857nam a2200205Ia 4500
001 CTU_92296
008 210402s9999 xx 000 0 und d
020 |c 10000 
082 |a 930 
082 |b T120 
100 |a Nguyễn, Thành Tâm 
245 0 |a Những cuộc chiến nổi tiếng thế giới và lịch sử các nền văn minh cổ đạ i= Well known Battles in the Worrld and the history of ancient cultures : 
245 0 |b Tuyển chọn các bài luyện dịch Việt- Anh theo chủ điểm= Selections of Vietnamese- English tránlatians in focus 
245 0 |c Nguyễn Thành Tâm 
260 |a Hà Nội 
260 |b Thống Kê 
260 |c 2005 
650 |a History, ancient,World history 
904 |i Mai Loan(Tuyen) 
980 |a Trung tâm Học liệu Trường Đại học Cần Thơ